Η ζωή και η σκέψη του Νίτσε

Αποθηκεύτηκε σε:
Λεπτομέρειες βιβλιογραφικής εγγραφής
Κύριος συγγραφέας: Chaix-Ruy, Jules
Μορφή: Βιβλίο
Γλώσσα:Greek
Δημοσίευση: Αθήνα : Απειρον,
Θέματα:
Ετικέτες: Προσθήκη ετικέτας
Δεν υπάρχουν, Καταχωρήστε ετικέτα πρώτοι!

MARC

LEADER 00000nam a2200000 i 4500
001 1/62649
008 960604s gre d
035 |l 10029115 
040 |a GR-MY-UA  |b gre  |e aacr 
041 0 |a gre 
082 0 |a 193 
100 1 |a Chaix-Ruy, Jules. 
245 1 2 |a Η ζωή και η σκέψη του Νίτσε /  |c Jules Chaix-Ruy ; Μετ:Βαγγέλης Κατσάνης 
260 |a Αθήνα :   |b Απειρον,  
300 |a 288 σ. 
600 1 0 |a Nietzsche, Friedrich Wilhelm,   |d 1844-1900. 
852 |a INST  |b CHIOS  |e 19960604  |h 193 CHA  |p 005200008075  |q 005200008075  |t BK  |y 0 
909 |a Χ  |b 031351